000 00770nam a2200277Ia 4500
003 OSt
005 20221006151211.0
006 a|||||r|||| 00| 0
007 ta
008 221006b |||||||| |||| 00| 0 jpn d
020 _c¥2500
024 _a21,275
037 _bGift, Japan Foundation
_cTextual
040 _aEASL
_cEASL
_bjpn
041 _2jpn
_ajpn
082 _aY:10gQ4.42, M6.
100 _aSAKURAI Yoshio Ed.
_9658553
245 0 _aTaikei bukkyo to Nihonjin
260 _aTokyo
_bShunshusha Japan
_c1986
300 _ap.
_ccm.
490 _v V.11 JL
500 _aLibrary has: Vol.1-7 and 9-11
650 _aJL
942 _hY:10gQ4.42, M6.
_cTEXL
_2CC
999 _c1089361
_d1089361